000 00824cam a22002413a 4500
001 32702
003 PGUSA
005 20140828083716.0
008 100605s2010||||xxu|||||s|||||000 | eng d
040 _aPGUSA
_beng
042 _adc
050 4 _aHD
100 1 _aCasson, Herbert Newton,
_d1869-1951
245 1 4 _aThe Romance of the Reaper
_h[electronic resource] /
_cHerbert Newton Casson
260 _bProject Gutenberg,
_c2010
505 0 _aThe story of McCormick -- The story of Deering -- The International Harvester Company -- The American harvester abroad -- The harvester and the American farmer.
506 _aPublic domain in the USA.
516 _aElectronic text
653 _aHarvesting machinery
830 0 _aProject Gutenberg
_v32702
856 4 0 _uhttp://www.gutenberg.org/ebooks/32702
942 _cEB
999 _c261957
_d261957